Normal view
MARC view
Entry Término temático
001 - NÚMERO DE CONTROL
- campo de control: 182454
003 - IDENTIFICADOR DEL NÚMERO DE CONTROL
- campo de control: OSt
005 - FECHA Y HORA DE LA ÚLTIMA TRANSACCIÓN
- campo de control: 20220601075353.0
008 - DATOS DE LONGITUD FIJA
- campo de control de longitud fija: 220601|| aca||aabn | a|a d
040 ## - FUENTE DE LA CATALOGACIÓN
- Centro catalogador/agencia de origen: OSt
- Centro/agencia transcriptor: OSt
150 ## - ENCABEZAMIENTO--TÉRMINO DE MATERIA
- Término de materia o nombre geográfico como elemento de entrada: 1. Avena como forraje 2. Avena -- Variedades 3. Pastoreo 4. Ganado vacuno -- Pastoreo Ganado lanar -- Pastoreo Ì
670 ## - FUENTE DE DATOS ENCONTRADOS
- Cita de la fuente: Work cat.: (OSt)215195: López Peña, Román 68213, Comportamiento productivo de avena-ballico anual bajo pastoreo mixto de vacas y borregas / por Román López Peña
